ZKM Gdynia - 4T - Statystyki

Ogólne statystyki
  • Ten quiz został rozwiązany 9 razy
  • Średni wynik to 16 z 21
Statystyki odpowiedzi
Przystanek Ulica % Poprawnych
3 Maja 10 Lutego
100%
Bulwar Nadmorski Prusa
80%
Bulwar Nadmorski Prusa
80%
Centrum Handlowe Batory 10 Lutego
80%
Centrum Nauki Experyment Aleja Zwycięstwa
80%
Dom Marynarza Piłsudskiego
80%
Dom Marynarza Piłsudskiego
80%
Gdynia Dworzec Gł. PKP - Dworcowa Dworcowa
80%
Korzeniowskiego Mickiewicza
80%
Mickiewicza Mickiewicza
80%
Necla Legionów
80%
Orłowo SKM - Orłowska Aleja Zwycięstwa
80%
Piłsudskiego Piłsudskiego
80%
Redłowo SKM - Park Technologiczny Aleja Zwycięstwa
80%
Wzgórze Św. Maksymiliana SKM Władysława IV
80%
Orłowo - Molo Orłowska
60%
Orłowo SKM - "Klif" Aleja Zwycięstwa
60%
Park Rady Europy Aleja Jana Pawła II
60%
Polanka Redłowska Ejsmonda
60%
Przystań Żeglugi Aleja Jana Pawła II
60%
Sea Towers Aleja Jana Pawła II
60%
Nie znaleziono quizów pasujących do podanych kryteriów
Rozkład punktacji
Procent ludzi z każdym wynikiem
Percentyl według liczby udzielonych odpowiedzi
Twoja historia wyników
Nie rozwiązałeś tego quizu